00285nam a22000857a 4500100002600000245010900026260002600135300000900161650002900170 aDharmawardena,Kishani aAurvedic Medication to control Blood Glucose level in Diabetic Patients: Anti-Diaetic effect of Karawila aColombobICHEMCc2014 a17 p aanti diabetic akarawila